| 000 | 01007nam a22002057a 4500 | ||
|---|---|---|---|
| 999 |
_c60250 _d60250 |
||
| 003 | Ge_BSU | ||
| 005 | 20230622100835.0 | ||
| 008 | 230622b xxu||||| |||| 00| 0 geo d | ||
| 041 | _ageo | ||
| 080 | _a930.1 კ-65 | ||
| 100 |
_aკოდუა, ედუარდ _9985 |
||
| 245 |
_aისტორიის ფილოსოფია : _bბურჟუაზიული თეორიების კრიტიკა / _cედუარდ კოდუა; რედ. კ. ბაქრაძე. |
||
| 264 |
_aთბილისი : _bთბილ. სახელმწ. უნ-ტის გამ-ბა _c1966. |
||
| 300 |
_a414 გვ. ; _b21 სმ. |
||
| 504 | _aბიბლიოგრ. ტექსტის შენიშვნებში. | ||
| 653 | _aისტორიის ფილოსოფია | ||
| 653 | _aბურჟუაზიული თეორიები | ||
| 700 |
_aბაქრაძე, კ. _eრედაქტორი _915167 |
||
| 942 |
_2udc _cBK |
||